000 004230000a22001930004500
005 20120302062403.0
942 _cBOOK
100 _a Madhavacharya
245 _a Sarvadarshan Sangraha
260 _aPune:Aanandashram,1977.
300 _a174,13p.
040 _aSAN
365 _b15/-
650 _aSanskrut
650 _aTatvadnyaan
650 _aDarshan
650 _aSarvaDarshan Sangraha
650 _aSanskrut
999 _c356564
_d356561